000 00337 a2200145 4500
001 175772
020 _a
040 _cMagnum
100 _aChiavenato, Julio Jose
240 1 0 _aAs varias faces da inconfidencia
_lpor
245 1 0 _aAs varias faces da inconfidencia
362 0 _a1899
697 _aMAGNITO: PARADIDATICO
942 _cBK
999 _c175772
_d175772